Chronique / (Record no. 20000)
[ view plain ]
| 000 -LEADER | |
|---|---|
| fixed length control field | 00822cam a22002651a 4500 |
| 001 - CONTROL NUMBER | |
| control field | 20000 |
| 003 - CONTROL NUMBER IDENTIFIER | |
| rucl marc code | BD-RjUL |
| 005 - DATE AND TIME OF LATEST TRANSACTION | |
| control field | 20211209000517.0 |
| 008 - FIXED-LENGTH DATA ELEMENTS--GENERAL INFORMATION | |
| fixed length control field | 140226s1961 nyu b 000 1 eng d |
| 035 ## - SYSTEM CONTROL NUMBER | |
| System control number | (BD-RjUL)20061 |
| 040 ## - CATALOGING SOURCE | |
| Original cataloging agency | NZOC |
| Language of cataloging | eng |
| Transcribing agency | NZOC |
| Modifying agency | BD-RjUL |
| 041 0# - LANGUAGE CODE | |
| Language code of text/sound track or separate title | engfre |
| 082 04 - DEWEY DECIMAL CLASSIFICATION NUMBER | |
| Classification number | 841.914 |
| Author mark and year | PEC 1961 |
| 100 1# - MAIN ENTRY--PERSONAL NAME | |
| Personal name | Perse, Saint-John. |
| Dates associated with a name | 1887-1975. |
| 9 (RLIN) | 61481 |
| 245 10 - TITLE STATEMENT | |
| Title | Chronique / |
| Statement of responsibility, etc. | Saint-John Perse ; translation by Robert Fitzgerald. |
| 260 ## - PUBLICATION, DISTRIBUTION, ETC. (IMPRINT) | |
| Place of publication, distribution, etc. | New York : |
| Name of publisher, distributor, etc. | Pantheon Books, |
| Date of publication, distribution, etc. | c1961. |
| 300 ## - PHYSICAL DESCRIPTION | |
| Pagination | 60 p. ; |
| Size | 27 cm. |
| 490 1# - SERIES STATEMENT | |
| Series statement | Bollingen series ; |
| Volume/sequential designation | 69 |
| 500 ## - GENERAL NOTE | |
| General note | Biligual ed. |
| 504 ## - BIBLIOGRAPHY, ETC. NOTE | |
| Bibliography, etc | Includes bibliographical references. |
| 600 #0 - SUBJECT ADDED ENTRY--PERSONAL NAME | |
| Personal name | Saint-John Perse, |
| Dates associated with a name | 1887-1975 |
| General subdivision | Criticism and interpretation. |
| 830 #0 - SERIES ADDED ENTRY--UNIFORM TITLE | |
| Volume number/sequential designation | 69. |
| Uniform title | Bollingen series ; |
| 942 ## - ADDED ENTRY ELEMENTS (KOHA) | |
| Source of classification or shelving scheme | Dewey Decimal Classification |
| Koha item type | Books |
| Lost status | Source of classification or shelving scheme | Damaged status | Not for loan | Collection code | Permanent Location | Current Location | Shelving location | Date acquired | Source of acquisition | Cost, normal purchase price | Total Checkouts | Full call number | Date last seen | Copy number | Koha item type |
|---|---|---|---|---|---|---|---|---|---|---|---|---|---|---|---|
| Dewey Decimal Classification | Added to bundle | Fiction | Central Library, University of Rajshahi | Central Library, University of Rajshahi | Reading Room | 23/08/1963 | Nawreze Kitabitan | 20.31 | 841.914 PEC 1961 | 26/02/2014 | C-1 | Books |